Sahib Foods Ltd v Paskin Kyriakides Sands (Record no. 72488)

MARC details
000 -LEADER
fixed length control field 00869cad a22002055a 4500
001 - CONTROL NUMBER
control field E121974
008 - FIXED-LENGTH DATA ELEMENTS--GENERAL INFORMATION
fixed length control field 030414s2003 xxk 000 0 eng u
035 ## - SYSTEM CONTROL NUMBER
System control number (Sirsi) u121974
245 ## - TITLE STATEMENT
Title Sahib Foods Ltd v Paskin Kyriakides Sands
Medium [eletronic resource]
260 ## - PUBLICATION, DISTRIBUTION, ETC.
Date of publication, distribution, etc. 2003
520 ## - SUMMARY, ETC.
Summary, etc. [2003] EWHC 142 (TCC), 3 March 2003. Architect (P) was held to be liable following fire in food factory caused by negligence of employee. (P) failed to achive level of skill and care expected of average architect.
650 ## - SUBJECT ADDED ENTRY--TOPICAL TERM
Topical term or geographic name entry element SAHIB FOODS LTD AND ANOTHER V PASKIN KYRIAKIDES SANDS
650 ## - SUBJECT ADDED ENTRY--TOPICAL TERM
Topical term or geographic name entry element ARCHITECTS
650 ## - SUBJECT ADDED ENTRY--TOPICAL TERM
Topical term or geographic name entry element CONTRIBUTORY NEGLIGENCE
650 ## - SUBJECT ADDED ENTRY--TOPICAL TERM
Topical term or geographic name entry element APPORTIONMENT
650 ## - SUBJECT ADDED ENTRY--TOPICAL TERM
Topical term or geographic name entry element LIABILITY
690 ## - LOCAL SUBJECT ADDED ENTRY--TOPICAL TERM (OCLC, RLIN)
Topical term or geographic name as entry element PROFESSIONAL PRACTICE-NEGLIGENCE-CASE LAW
856 ## - ELECTRONIC LOCATION AND ACCESS
Uniform Resource Identifier <a href="https://www.bailii.org/ew/cases/EWHC/TCC/2003/142.html">https://www.bailii.org/ew/cases/EWHC/TCC/2003/142.html</a>
Public note View the judgment at www.bailii.org
942 ## - ADDED ENTRY ELEMENTS (KOHA)
Suppress in OPAC 0
Holdings
Withdrawn status Lost status Source of classification or shelving scheme Damaged status Not for loan Home library Current library Shelving location Date acquired Total Checkouts Full call number Barcode Date last seen Copy number Price effective from Koha item type
    Dewey Decimal Classification     Virtual Virtual Online 14/04/2003   ONLINE PUBLICATION 121974-2001 06/08/2019 1 06/08/2019 Law report